Coach yourself to success : (Record no. 10404)

MARC details
000 -LEADER
fixed length control field 01516cam a22003734a 4500
090 ## - LOCALLY ASSIGNED LC-TYPE CALL NUMBER (OCLC); LOCAL CALL NUMBER (OCLC)
-- 0
001 - CONTROL NUMBER
control field 13804526
005 - DATE AND TIME OF LATEST TRANSACTION
control field 20060722172340.0
008 - FIXED-LENGTH DATA ELEMENTS--GENERAL INFORMATION
fixed length control field 041202s2005 nju b 001 0 eng
010 ## - LIBRARY OF CONGRESS CONTROL NUMBER
LC control number 2004028736
020 ## - INTERNATIONAL STANDARD BOOK NUMBER
International Standard Book Number 0471719846
020 ## - INTERNATIONAL STANDARD BOOK NUMBER
International Standard Book Number 9780471719847
040 ## - CATALOGING SOURCE
Original cataloging agency DLC
Transcribing agency DLC
Modifying agency DLC
042 ## - AUTHENTICATION CODE
Authentication code pcc
050 00 - LIBRARY OF CONGRESS CALL NUMBER
Classification number HG4521
Item number .M64 2005
082 00 - DEWEY DECIMAL CLASSIFICATION NUMBER
Classification number 332.6
Edition number 22
Item number MOG
100 1# - MAIN ENTRY--PERSONAL NAME
Personal name Moglia, Joe.
245 10 - TITLE STATEMENT
Title Coach yourself to success :
Remainder of title Winning the investment game /
Statement of responsibility, etc Joe Moglia.
260 ## - PUBLICATION, DISTRIBUTION, ETC. (IMPRINT)
Place of publication, distribution, etc Hoboken, N.J. :
Name of publisher, distributor, etc J. Wiley,
Date of publication, distribution, etc c2005.
300 ## - PHYSICAL DESCRIPTION
Extent xxi, 199 p. ;
Dimensions 24 cm.
504 ## - BIBLIOGRAPHY, ETC. NOTE
Bibliography, etc Includes bibliographical references (p. 181-188) and index.
650 #0 - SUBJECT ADDED ENTRY--TOPICAL TERM
Topical term or geographic name as entry element Investments.
650 #0 - SUBJECT ADDED ENTRY--TOPICAL TERM
Topical term or geographic name as entry element Stocks.
650 #0 - SUBJECT ADDED ENTRY--TOPICAL TERM
Topical term or geographic name as entry element Bonds.
650 #0 - SUBJECT ADDED ENTRY--TOPICAL TERM
Topical term or geographic name as entry element Mutual funds.
650 #0 - SUBJECT ADDED ENTRY--TOPICAL TERM
Topical term or geographic name as entry element Cash management.
650 #0 - SUBJECT ADDED ENTRY--TOPICAL TERM
Topical term or geographic name as entry element Finance, Personal.
856 41 - ELECTRONIC LOCATION AND ACCESS
Materials specified Table of contents only
Uniform Resource Identifier <a href="http://www.loc.gov/catdir/toc/ecip054/2004028736.html">http://www.loc.gov/catdir/toc/ecip054/2004028736.html</a>
856 42 - ELECTRONIC LOCATION AND ACCESS
Materials specified Contributor biographical information
Uniform Resource Identifier <a href="http://www.loc.gov/catdir/enhancements/fy0617/2004028736-b.html">http://www.loc.gov/catdir/enhancements/fy0617/2004028736-b.html</a>
856 42 - ELECTRONIC LOCATION AND ACCESS
Materials specified Publisher description
Uniform Resource Identifier <a href="http://www.loc.gov/catdir/enhancements/fy0617/2004028736-d.html">http://www.loc.gov/catdir/enhancements/fy0617/2004028736-d.html</a>
942 ## - ADDED ENTRY ELEMENTS (KOHA)
Source of classification or shelving scheme Dewey Decimal Classification
Item type Book - Borrowing
Holdings
Withdrawn status Item status Source of classification or shelving scheme Damaged status Not for loan Vendor Home library Current library Shelving location Date acquired Source of acquisition Cost, normal purchase price Serial Enumeration / chronology Total Checkouts Total Renewals Full call number Barcode Date last seen Date last borrowed Koha item type
    Dewey Decimal Classification     Alahram Central Library Central Library First floor 25/01/2009   187.20 6468 5 24 332.6 MOG 000015080 15/07/2025 21/01/2020 Book - Borrowing